000 00535nam a2200205Ia 4500
005 20250326144912.0
008 250326s9999 xx 000 0 und d
020 _a81-203-2551-6
037 _aTextbook
040 _aFMSL
_beng
_cFMSL
041 _aeng
_2eng
084 _aX:89ZB P4
_qFMSL
100 _aBarro R J
_9748784
245 0 _aEconomic growth
_cBarro R J
250 _a2
260 _aNew Delhi
_bNew Delhi, Prentice-Hall
_c2004
300 _a654p
942 _cTB
_hX:89ZB P4
999 _c1305539
_d1305539